|
|
|
|
| LEADER |
01482nam a2200409Ia 4500 |
| 001 |
EBC288897 |
| 003 |
MiAaPQ |
| 005 |
20200520144314.0 |
| 006 |
m o d | |
| 007 |
cr cn||||||||| |
| 008 |
031021s2003 mau s 000 0 eng d |
| 020 |
|
|
|z 9780750658843
|
| 020 |
|
|
|z 0750658843
|
| 035 |
|
|
|a (MiAaPQ)EBC288897
|
| 035 |
|
|
|a (Au-PeEL)EBL288897
|
| 035 |
|
|
|a (CaPaEBR)ebr10169886
|
| 035 |
|
|
|a (CaONFJC)MIL100312
|
| 035 |
|
|
|a (OCoLC)476042684
|
| 040 |
|
|
|a MiAaPQ
|c MiAaPQ
|d MiAaPQ
|
| 050 |
|
4 |
|a HD31
|b .O74 2003
|
| 245 |
0 |
0 |
|a Organizational culture and context
|h [electronic resource] /
|c [Colin Everson with additional material by David Pardey; Editor: Jane Edmonds].
|
| 250 |
|
|
|a 4th ed.
|
| 260 |
|
|
|a Burlington, MA :
|b Pergamon Flexible Learning,
|c 2003.
|
| 300 |
|
|
|a x, 127 p.
|
| 490 |
0 |
|
|a Superseries
|
| 500 |
|
|
|a "Published for the Institute of Leadership and Management."
|
| 500 |
|
|
|a Previous ed.: 1997.
|
| 533 |
|
|
|a Electronic reproduction. Ann Arbor, MI : ProQuest, 2015. Available via World Wide Web. Access may be limited to ProQuest affiliated libraries.
|
| 650 |
|
0 |
|a Management.
|
| 650 |
|
0 |
|a Corporate culture.
|
| 655 |
|
4 |
|a Electronic books.
|
| 700 |
1 |
|
|a Everson, Colin.
|
| 700 |
1 |
|
|a Pardey, David.
|
| 700 |
1 |
|
|a Edmonds, Jane.
|
| 710 |
2 |
|
|a Institute of Leadership & Management (Great Britain)
|
| 710 |
2 |
|
|a ProQuest (Firm)
|
| 856 |
4 |
0 |
|u https://ebookcentral.proquest.com/lib/matrademy/detail.action?docID=288897
|z Click to View
|